Redes migratorias y trasnacionalización de los mercados de trabajo en la agricultura: México y California /

Wedi'i Gadw mewn:
Manylion Llyfryddiaeth
Prif Awdur: París Pombo, María Dolores
Fformat: Texto
Pynciau:
Tagiau: Ychwanegu Tag
Dim Tagiau, Byddwch y cyntaf i dagio'r cofnod hwn!

MARC

LEADER 00000 a a2200000 04500
001 18862
003
040
100 |a París Pombo, María Dolores  
245 |a Redes migratorias y trasnacionalización de los mercados de trabajo en la agricultura:   |b México y California /  |c María Dolores París Pombo 
650 |a Este articulo analiza la formación de circuitos migratorios entre México y California para explicar cómo la transnacionalización del capital agrícola y el crecimiento de los flujos financieros y comerciales con Estados Unidos inciden en la constitución  
773 |g volumen 8, número 15; páginas 53-70  
999 |c 24559  |d 24559